000 00806nam a2200217 a 4500
001 000034966
005 20260521144507.0
008 111024s1967 ve 000 0 spa d
040 _aDO-SdBNP
_bspa
_cBNPHU
082 _a501
_bG501e
100 1 _aGarcía Bacca, Juan David,
_d1901-1992
_923629
245 1 0 _aElementos de filosofía de las ciencias /
_cJuan David García Bacca.
260 _aCaracas :
_bUniversidad Central de Venezuela. Dirección de Cultura,
_c1967.
300 _a182 p. ;
_c17 cm.
490 0 _aManuales universitarios
590 _aPerteneció a la biblioteca personal de Juan Isidro Jimenes Grullón
650 2 0 _aFilosofía de la ciencia
_919468
650 2 4 _aCiencias
_xFilosofía
_960560
830 0 _aManuales universitarios
_960561
910 _aValidado. Control de calidad MFF
999 _c34457
_d34457